PRODUKTIVITI : Koleksi Soal-Jawab

Bibliographic Details
Corporate Author: INTAN
Format: Book
Language:Malay
Published: Kuala Lumpur : INTAN 1992
Subjects:

MARC

LEADER 00000cam a2200000 7i4500
001 0000006376
005 20241001.0
008 000204 my may
020 |a 9679933172 
040 |a INS   |b eng   |e rda 
090 0 0 |a JF1525.P67   |b P76 1992 
245 1 0 |a PRODUKTIVITI :   |b Koleksi Soal-Jawab   |c Institut Tadbiran Awam Negara 
264 1 |a Kuala Lumpur :   |b INTAN   |c 1992 
300 |a 103 pages ;   |c 21 cm. 
336 |a text  |2 rdacontent 
337 |a unmediated  |2 rdamedia 
338 |a volume  |2 rdacarrier 
650 0 |a Civil service   |x Labour productivity   |z Malaysia 
650 0 |a Goverment productivity   |z Malaysia   |x Miscellanea 
650 0 |a Productivity 
710 1 |a INTAN 
999 |a 0000005346   |b BOOK   |c Open Shelf   |e Default branch